Sanat - ”Pelimies” - Martti Vainaa & Sallitut aineet - Statistics

Yleistilastot
  • Tätä visaa on pelattu 235 kertaa
  • Keskiarvotulos 96 / 139
Vastaustilastot
Sanat % Oikein
ei
94%
iltana
94%
pakkeja
94%
Tänä
94%
tänä
94%
tuu
93%
Ja
87%
ja
87%
sen
86%
sinut
85%
pelimies
83%
jatkoille
81%
nakkikioskille
80%
niin
80%
Oon
80%
saan
79%
vaan,
79%
vien
79%
76%
Tule
75%
saatille
74%
kahville
73%
Teen
73%
mitä
72%
Siitä
72%
koskettaa
70%
(koskettaa)
70%
Tahdon
70%
Jos
69%
Iltaa
68%
innostumaan
68%
rautaa,
68%
taksiin
68%
tempun
67%
sulle
66%
vanhanaikaisen
66%
kanssani?
65%
ehdottaa
63%
(ehdottaa)
63%
kierrän
63%
Saanko
63%
pumppaan
62%
kovakuntoinen
60%
tunnustaa
60%
(tunnustaa)
60%
maan
57%
Voin
56%
juosten
55%
pienen
54%
on
52%
voittaja
49%
kun
45%
olen
43%
Liha
37%
liha
37%
heikkoa
34%
vahvaa
33%
juhlii
29%
voimia
27%
sisäisen
25%
eläimeni
23%
Ihanaa
23%
ihanaa
23%
leijonat
23%
Mut
23%
Näyttää
23%
kuin
21%
aion
20%
hirvet
18%
toimia
18%
hakkaa
17%
rummunsoittaja
17%
Rintani
16%
voittajat
14%
Na-nan-naa...
4%
Ehtoja vastaavia visoja ei löytynyt
Tulosjakauma
Jokaisen tuloksen saaneiden osuus
Persentiili vastausten määrän mukaan
Tuloshistoriasi
Et ole pelannut tätä visaa